[Event "Sao Paulo U16 3rd"]
[Site "Sao Paulo"]
[Date "2018.06.10"]
[Round "5.1"]
[White "Hayashi, Kouki"]
[Black "Hopka, Matheus Marchesi"]
[Result "0-1"]
[WhiteElo "1338"]
[BlackElo "1759"]
[PlyCount "56"]
[EventDate "2018.06.09"]
[EventType "swiss"]
[EventRounds "5"]
[EventCountry "BRA"]
[SourceTitle "EXT 2022"]
[Source "ChessBase"]
[SourceDate "2021.10.06"]
[SourceVersion "1"]
[SourceVersionDate "2021.10.06"]
[SourceQuality "1"]

1. d4 Nf6 2. c4 g6 3. Nc3 Bg7 4. Nf3 0-0 5. Bg5 d6 6. e3 Nbd7 7. Be2 c6 8. 0-0 Qc7 9. b4 e5 10. d5 h6 11. Bxf6 Nxf6 12. Qc2 cxd5 13. Rfd1 Be6 14. Rac1 Rac8 15. Qb1 dxc4 16. Nb5 Qb8 17. Nxd6 Rc6 18. Nxc4 Nd5 19. a3 Rfc8 20. Ncd2 Rxc1 21. Rxc1 Nc3 22. Qd3 Nxe2+ 23. Qxe2 Rxc1+ 24. Ne1 Qc7 25. Ndf3 Bg4 26. h3 e4 27. hxg4 exf3 28. gxf3 Bc3 0-1

[Event "Sao Paulo op-C U1700 7th"]
[Site "Sao Paulo"]
[Date "2018.04.01"]
[Round "6"]
[White "Hoshino, Meilin"]
[Black "Hayashi, Kouki"]
[Result "1-0"]
[WhiteElo "1546"]
[BlackElo "1282"]
[PlyCount "55"]
[EventDate "2018.03.30"]
[EventType "swiss"]
[EventRounds "6"]
[EventCountry "BRA"]
[SourceTitle "EXT 2021"]
[Source "ChessBase"]
[SourceDate "2020.10.23"]
[SourceVersion "1"]
[SourceVersionDate "2020.10.23"]
[SourceQuality "1"]

1. d4 d5 2. c4 Nc6 3. e3 e5 4. dxe5 Nxe5 5. cxd5 Nf6 6. Nc3 Bb4 7. Qa4+ c6 8. Qxb4 Nxd5 9. Nxd5 Qxd5 10. Qd2 Qe6 11. b3 0-0 12. Bb2 b6 13. Ne2 c5 14. Qc3 f6 15. Nf4 Qf5 16. Rd1 Bb7 17. Bc4+ Kh8 18. Bd5 Bxd5 19. Nxd5 Rad8 20. 0-0 Rxd5 21. Rxd5 Nf3+ 22. gxf3 Qxd5 23. e4 Qg5+ 24. Kh1 f5 25. Rg1 Qf6 26. Qxf6 gxf6 27. exf5 Rf7 28. h4 1-0

[Event "Sao Paulo op-C U1700 7th"]
[Site "Sao Paulo"]
[Date "2018.03.30"]
[Round "1"]
[White "Hayashi, Kouki"]
[Black "Francelli, Derli"]
[Result "0-1"]
[WhiteElo "1282"]
[BlackElo "1617"]
[PlyCount "84"]
[EventDate "2018.03.30"]
[EventType "swiss"]
[EventRounds "6"]
[EventCountry "BRA"]
[SourceTitle "EXT 2021"]
[Source "ChessBase"]
[SourceDate "2020.10.23"]
[SourceVersion "1"]
[SourceVersionDate "2020.10.23"]
[SourceQuality "1"]

1. d4 d5 2. c4 e6 3. Nc3 Nf6 4. Bg5 Nbd7 5. Nf3 Be7 6. e3 0-0 7. Be2 dxc4 8. Bxc4 b6 9. 0-0 h6 10. Bf4 Bb7 11. Rc1 Rc8 12. Bb3 Nh5 13. Be5 Nhf6 14. Nb5 Nxe5 15. dxe5 Qxd1 16. Rfxd1 Bxf3 17. gxf3 Nd5 18. Bxd5 exd5 19. Rxd5 c6 20. Nxa7 cxd5 21. Nxc8 Bc5 22. Rd1 Rxc8 23. Rxd5 Rc6 24. Rd8+ Bf8 25. Rb8 f6 26. exf6 Rxf6 27. Kg2 Kh7 28. a4 Rg6+ 29. Kh3 Bc5 30. Ra8 Rd6 31. a5 bxa5 32. Rxa5 Bb4 33. Rb5 Be1 34. Kg2 Rd2 35. Kf1 Bxf2 36. e4 Bh4 37. Rh5 Bg5 38. b4 Rb2 39. h4 Kg6 40. hxg5 Kxh5 41. e5 Rxb4 42. e6 Kxg5 0-1

[Event "Sao Paulo Carnaval op"]
[Site "Sao Paulo"]
[Date "2018.02.13"]
[Round "7"]
[White "Caporale, Giuseppe Guido"]
[Black "Hayashi, Kouki"]
[Result "1-0"]
[WhiteElo "1700"]
[BlackElo "1325"]
[PlyCount "53"]
[EventDate "2018.02.10"]
[EventType "swiss"]
[EventRounds "7"]
[EventCountry "BRA"]
[SourceTitle "CBM 183 Extra"]
[Source "ChessBase"]
[SourceDate "2018.04.19"]
[SourceVersion "1"]
[SourceVersionDate "2018.04.19"]
[SourceQuality "1"]

1. e4 c5 2. Nf3 d6 3. d4 cxd4 4. Nxd4 Nf6 5. Nc3 g6 6. f4 Bg7 7. e5 dxe5 8. fxe5 Nfd7 9. e6 Ne5 10. Bb5+ Nbc6 11. exf7+ Kf8 12. Be3 Nxd4 13. Bxd4 Nf3+ 14. Qxf3 Bxd4 15. 0-0-0 Qb6 16. Qd3 e5 17. Nd5 Qd6 18. Ne3 Be6 19. c3 Rc8 20. Kb1 a6 21. Be8 Rd8 22. cxd4 exd4 23. Rhf1 Ke7 24. Qe4 Qb6 25. Qh4+ Kd6 26. Rxd4+ Kc7 27. Qxd8# 1-0

[Event "Sao Paulo Carnaval op"]
[Site "Sao Paulo"]
[Date "2018.02.10"]
[Round "1"]
[White "Hayashi, Kouki"]
[Black "Ichimura G Barbosa, Larissa Yuki"]
[Result "0-1"]
[WhiteElo "1325"]
[BlackElo "1934"]
[PlyCount "40"]
[EventDate "2018.02.10"]
[EventType "swiss"]
[EventRounds "7"]
[EventCountry "BRA"]
[SourceTitle "CBM 183 Extra"]
[Source "ChessBase"]
[SourceDate "2018.04.19"]
[SourceVersion "1"]
[SourceVersionDate "2018.04.19"]
[SourceQuality "1"]

1. d4 Nf6 2. c4 g6 3. Nc3 Bg7 4. Nf3 0-0 5. Bg5 c5 6. e3 cxd4 7. exd4 d5 8. Be2 Be6 9. b3 Ne4 10. Nxe4 dxe4 11. Be3 exf3 12. Bxf3 Qc7 13. 0-0 Rd8 14. Qd2 Nc6 15. Rfd1 Nxd4 16. Bxd4 Rxd4 17. Qe3 Rad8 18. Rxd4 Bxd4 19. Qe1 Bxa1 20. Qxa1 Rd2 0-1

[Event "Aldeia de Barueri op"]
[Site "Aldeia de Barueri"]
[Date "2017.08.04"]
[Round "2"]
[White "Tamarozi, Isabelle"]
[Black "Hayashi, Kouki"]
[Result "1-0"]
[WhiteElo "1937"]
[BlackElo "1296"]
[PlyCount "67"]
[EventDate "2017.08.04"]
[EventType "swiss"]
[EventRounds "6"]
[EventCountry "BRA"]
[SourceTitle "CBM 180 Extra"]
[Source "ChessBase"]
[SourceDate "2017.10.06"]
[SourceVersion "1"]
[SourceVersionDate "2017.10.06"]
[SourceQuality "1"]

1. e4 c5 2. Nf3 d6 3. d4 cxd4 4. Nxd4 Nf6 5. Nc3 g6 6. Be3 Bg7 7. Be2 0-0 8. Nb3 Nc6 9. f4 Bd7 10. 0-0 a6 11. a4 Rb8 12. a5 Be6 13. Bb6 Qc8 14. Nd2 Nd7 15. Be3 Qc7 16. f5 Bxf5 17. exf5 Nxa5 18. Nd5 Qd8 19. Rxa5 Qxa5 20. Nxe7+ Kh8 21. Nc4 Qc7 22. Nd5 Qc6 23. f6 Nxf6 24. Nxf6 Rbd8 25. Nd5 b5 26. Bd4 Rd7 27. Bxg7+ Kxg7 28. Qd4+ Kh6 29. Qf4+ Kg7 30. Qf6+ Kg8 31. Ne7+ Rxe7 32. Qxe7 Rc8 33. Nxd6 Qd5 34. c4 1-0

[Event "BRA-ch U14"]
[Site "Brasilia"]
[Date "2017.04.21"]
[Round "1"]
[White "De Borba, Gabriel"]
[Black "Hayashi, Kouki"]
[Result "1-0"]
[WhiteElo "1888"]
[BlackElo "1247"]
[PlyCount "43"]
[EventDate "2017.04.21"]
[EventType "swiss"]
[EventRounds "6"]
[EventCountry "BRA"]
[SourceTitle "CBM 177 Extra"]
[Source "ChessBase"]
[SourceDate "2017.04.27"]
[SourceVersion "1"]
[SourceVersionDate "2017.04.27"]
[SourceQuality "1"]

1. e4 c5 2. Nf3 d5 3. d4 cxd4 4. Nxd4 Nf6 5. Nc3 g6 6. Be3 Bg7 7. Be2 0-0 8. f4 Nc6 9. Nb3 Bd7 10. g4 a6 11. g5 Ne8 12. Qd3 b5 13. 0-0-0 f6 14. h4 b4 15. Nxd5 Rc8 16. Bb6 Nc7 17. Bxc7 Rxc7 18. Nxc7 Qxc7 19. Qd5+ Kh8 20. h5 Rc8 21. hxg6 e6 22. Qxd7 1-0

[Event "BRA-ch U14"]
[Site "Brasilia"]
[Date "2017.04.21"]
[Round "2"]
[White "Hayashi, Kouki"]
[Black "Oliveira, Arthur Marquez"]
[Result "1/2-1/2"]
[WhiteElo "1247"]
[BlackElo "1759"]
[PlyCount "77"]
[EventDate "2017.04.21"]
[EventType "swiss"]
[EventRounds "6"]
[EventCountry "BRA"]
[SourceTitle "CBM 177 Extra"]
[Source "ChessBase"]
[SourceDate "2017.04.27"]
[SourceVersion "1"]
[SourceVersionDate "2017.04.27"]
[SourceQuality "1"]

1. d4 d5 2. c4 Nf6 3. cxd5 Nxd5 4. e4 Nf6 5. Nc3 Nc6 6. Nf3 e6 7. Bc4 Bb4 8. Be3 0-0 9. Qc2 h6 10. 0-0 Re8 11. a3 Ba5 12. e5 Nd5 13. b4 Nxe3 14. fxe3 Bb6 15. a4 Nxb4 16. Qb3 Nc6 17. Bb5 Bd7 18. Bxc6 Bxc6 19. a5 Bxf3 20. Rxf3 Bxd4 21. exd4 Qxd4+ 22. Kh1 Qxe5 23. Raf1 Rf8 24. Qb4 b6 25. axb6 cxb6 26. h3 Qc5 27. Qb2 Rac8 28. Qa1 Qe5 29. Qa3 Rc7 30. Qb4 f6 31. Nb5 a5 32. Qb1 Rc5 33. Na3 Rfc8 34. Qxb6 Rc1 35. Qa6 Rxf1+ 36. Rxf1 Rd8 37. Nb5 Qe2 38. Rg1 Rd5 39. Rb1 1/2-1/2

[Event "Sao Paulo op-C U1700 6th"]
[Site "Sao Paulo"]
[Date "2017.04.16"]
[Round "5"]
[White "Farias, Vitor Furtado"]
[Black "Hayashi, Kouki"]
[Result "1-0"]
[WhiteElo "1636"]
[BlackElo "1247"]
[PlyCount "65"]
[EventDate "2017.04.14"]
[EventType "swiss"]
[EventRounds "6"]
[EventCountry "BRA"]
[SourceTitle "EXT 2019"]
[Source "ChessBase"]
[SourceDate "2018.10.10"]
[SourceVersion "1"]
[SourceVersionDate "2018.10.10"]
[SourceQuality "1"]

1. d4 d5 2. Bf4 Nc6 3. Nf3 Nf6 4. e3 Bg4 5. h3 Bh5 6. c4 e6 7. Be2 Bb4+ 8. Nbd2 0-0 9. a3 Bd6 10. Bxd6 Qxd6 11. c5 Qe7 12. Ne5 Bxe2 13. Nxc6 bxc6 14. Qxe2 e5 15. dxe5 Qxe5 16. Nf3 Qe7 17. b4 a5 18. 0-0 Rfb8 19. Nd4 Qd7 20. Rfb1 axb4 21. axb4 Rxa1 22. Rxa1 Rxb4 23. Ra8+ Ne8 24. Qg4 f5 25. Qg5 g6 26. Nxf5 Kf7 27. Nh6+ Kg7 28. Ng4 Re4 29. Qh6+ Kf7 30. Qxh7+ Ng7 31. Qg8+ Ke7 32. Qxg7+ Ke6 33. Qf6# 1-0

[Event "Sao Paulo Salles Cup 11th"]
[Site "Sao Paulo"]
[Date "2017.03.25"]
[Round "3"]
[White "Hayashi, Kouki"]
[Black "Takeda, Fernando"]
[Result "0-1"]
[WhiteElo "1219"]
[BlackElo "1698"]
[PlyCount "68"]
[EventDate "2017.03.24"]
[EventType "swiss (blitz)"]
[EventRounds "6"]
[EventCountry "BRA"]
[SourceTitle "CBM 177 Extra"]
[Source "ChessBase"]
[SourceDate "2017.04.27"]
[SourceVersion "1"]
[SourceVersionDate "2017.04.27"]
[SourceQuality "1"]

1. d4 d5 2. c4 c6 3. cxd5 cxd5 4. Nc3 Nf6 5. Bg5 Nc6 6. e3 e6 7. g3 h6 8. Bxf6 Qxf6 9. Bg2 Bb4 10. Nge2 0-0 11. 0-0 Bd7 12. a3 Be7 13. e4 dxe4 14. Nxe4 Qf5 15. Qd3 Rfd8 16. Rad1 Be8 17. Rd2 Ne5 18. Qb3 Bc6 19. dxe5 Bxe4 20. Bxe4 Qxe4 21. Rfd1 b6 22. Qc3 Qb7 23. Nd4 Bc5 24. b4 Bxd4 25. Rxd4 Rxd4 26. Qxd4 Rc8 27. Qd7 Qc7 28. Qa4 a5 29. Rd7 Qxe5 30. Rxf7 Rc1+ 31. Kg2 Kxf7 32. Qd7+ Kg6 33. Qe8+ Kh7 34. Qd8 Qd5+ 0-1

[Event "Florianopolis op 3rd"]
[Site "Florianopolis"]
[Date "2017.01.24"]
[Round "7"]
[White "Hayashi, Kouki"]
[Black "Pereira Fo, Hildebrando Apolon"]
[Result "1/2-1/2"]
[WhiteElo "1205"]
[BlackElo "1737"]
[PlyCount "89"]
[EventDate "2017.01.20"]
[EventType "swiss"]
[EventRounds "10"]
[EventCountry "BRA"]
[SourceTitle "CBM 176 Extra"]
[Source "ChessBase"]
[SourceDate "2017.03.02"]
[SourceVersion "1"]
[SourceVersionDate "2017.03.02"]
[SourceQuality "1"]

1. d4 d5 2. c4 c6 3. cxd5 cxd5 4. Nc3 e6 5. Nf3 Nc6 6. Bf4 Bb4 7. e3 Nf6 8. Bd3 0-0 9. 0-0 a6 10. Qc2 h6 11. a3 Bd6 12. Bg3 Bxg3 13. fxg3 Bd7 14. Qd2 b5 15. b4 Qb6 16. Rf2 Ng4 17. Rff1 Rfc8 18. h3 Nf6 19. Ne5 Nxe5 20. dxe5 d4 21. Rae1 dxc3 22. Qf2 Qd8 23. exf6 Qxf6 24. Qxf6 gxf6 25. Rxf6 c2 26. Rc1 Rc3 27. Bxc2 Rac8 28. Bh7+ Kxh7 29. Rxc3 Rxc3 30. Rxf7+ Kg6 31. Rxd7 Rxe3 32. Rd6 Kf7 33. Rxa6 Kg6 34. a4 bxa4 35. Rxa4 Rb3 36. Ra7 Kf6 37. Rb7 Kf5 38. b5 Ke4 39. Rb8 e5 40. b6 Ke3 41. b7 e4 42. Kh2 h5 43. Kg1 h4 44. Kh2 Rb2 45. Kg1 1/2-1/2

[Event "Sao Paulo-C U1700 op 5th"]
[Site "Sao Paulo"]
[Date "2016.10.14"]
[Round "2.28"]
[White "Caribe Santos, Luiz Carlos"]
[Black "Hayashi, Kouki"]
[Result "1-0"]
[WhiteElo "1534"]
[BlackElo "1185"]
[PlyCount "73"]
[EventDate "2016.10.13"]
[EventType "swiss"]
[EventRounds "6"]
[EventCountry "BRA"]
[SourceTitle "EXT 2022"]
[Source "ChessBase"]
[SourceDate "2021.10.06"]
[SourceVersion "1"]
[SourceVersionDate "2021.10.06"]
[SourceQuality "1"]

1. d4 d5 2. c4 e6 3. Nc3 Nf6 4. Nf3 Bd6 5. cxd5 exd5 6. Bg5 Be6 7. Qb3 b6 8. e3 c6 9. Bd3 0-0 10. Qc2 h6 11. Bh4 Be7 12. Ne5 Nbd7 13. Nxc6 Qe8 14. Nxe7+ Qxe7 15. h3 Rac8 16. f4 Nb8 17. g4 Bd7 18. Bxf6 Qxe3+ 19. Qe2 Qg3+ 20. Kd1 Rfe8 21. Be5 f6 22. Bb5 Bxb5 23. Nxb5 fxe5 24. Nd6 Qxf4 25. Nxc8 Qxd4+ 26. Qd2 Qxd2+ 27. Kxd2 Rxc8 28. Rac1 Nc6 29. Rc2 e4 30. Rhc1 e3+ 31. Ke1 d4 32. Rxc6 Rd8 33. Rc8 Rxc8 34. Rxc8+ Kf7 35. Rd8 Ke6 36. Rxd4 Ke5 37. Rd7 1-0